000 00438nam a2200145Ia 4500
003 OSt
005 20260128123620.0
008 211028s2018 xx 000 0 und d
040 _cAIMIT LIBRARY
041 _aeng
100 _aAnusha M K; Dias, Beena.
_g1616021
_97778
245 _aStudy on quality of work life in the employees of D2L pharma research solution Bangalore /
260 _aMangalore
_bBeena Dias.
_c2018
942 _2ddc
_cPRO
999 _c219346
_d219346